|
|
|
|
| LEADER |
00000nam a2200000 a 4500 |
| 001 |
vtls001484488 |
| 003 |
SK-MaSNL |
| 005 |
20260301150833.0 |
| 008 |
240313s1959 xo g 0 000 slo |
| 035 |
|
|
|a SNK000439782
|
| 040 |
|
|
|a SNK
|b slo
|c SNK
|e AACR2
|
| 041 |
1 |
|
|a slo
|h rus
|
| 044 |
|
|
|a xo
|c SK
|
| 080 |
|
|
|a 128
|2 2011
|
| 080 |
|
|
|a 27-187.3
|2 2011
|
| 100 |
1 |
|
|a Gurev, G. A.
|4 aut
|9 508654
|
| 245 |
1 |
0 |
|a O viere a nesmrteľnosť duše
|c G. A. Gurev; z rus. orig. prel. Marta Nešporová
|
| 250 |
|
|
|a 1. vyd.
|
| 260 |
|
|
|a Bratislava
|b Slovenské vydavateľstvo politickej literatúry
|c 1959
|e Bratislava
|f Pravda
|
| 300 |
|
|
|a 68 s.
|
| 504 |
|
|
|a Bibliografické odkazy pod čiarou
|
| 650 |
0 |
7 |
|a ľudská duša
|2 SNKPH
|9 68702
|
| 650 |
0 |
7 |
|a nesmrteľnosť duše
|2 SNKPH
|9 49876
|
| 700 |
1 |
|
|a Masaryková, Marta,
|d 1935-2009
|4 trl
|9 252851
|
| 958 |
|
|
|a OND
|
| 999 |
|
|
|c 784770
|d 786700
|
| 952 |
|
|
|a SNK
|b SNK
|y VYP
|7 0
|p 17A0447952
|o snkSD 18102 D1
|i snkKSP 4415/59
|3 rekatalogizácia
|0 0
|1 0
|4 0
|d 2004-10-29
|l 0
|r 2005-01-02 00:00:00
|w 2026-02-24
|
| 952 |
|
|
|a SNK
|b SNK
|y PREZ
|7 0
|p 17A0626152
|o snkSD 18102
|i snkKSP 4514/59
|3 rekatalogizácia
|0 0
|1 0
|4 0
|d 2009-10-22
|l 0
|r 2025-12-02 00:00:00
|w 2026-02-24
|